[Event "Carnaval"]
[Site "Quebec CAN"]
[Date "2020.02.15"]
[Round "2"]
[White "Hirschberg, Valerian"]
[Black "Chiku-Ratte, Olivier-Kenta"]
[Result "1/2-1/2"]
[WhiteElo "2284"]
[BlackElo "2478"]
[PlyCount "148"]
[EventDate "2020.02.14"]
[EventType "swiss"]
[EventRounds "5"]
[EventCountry "CAN"]

1. d4 d5 2. c4 dxc4 3. e4 e5 4. Nf3 exd4 5. Bxc4 Nc6 6. O-O Be6 7. Bb5 Bc5 8.
b4 Bb6 9. a4 a6 10. Bxc6+ bxc6 11. a5 Ba7 12. Bb2 Nf6 13. Bxd4 Bxd4 14. Nxd4
O-O 15. Nc3 Qd6 16. e5 Qxe5 17. Re1 Qg5 18. g3 Qh6 19. Qf3 Bd5 20. Nxd5 cxd5
21. Nf5 Qd2 22. Qe3 Qxe3 23. Rxe3 Rfd8 24. Nd4 Ne4 25. Rc1 Rd7 26. Rc6 g6 27.
Kg2 Ra7 28. f3 Nd6 29. Nb3 Nb5 30. Kf2 Rd6 31. Rc1 Na3 32. Re8+ Kg7 33. Nc5 Nb5
34. Ra1 Nd4 35. Rc8 Ne6 36. Nd3 Rc6 37. Rc1 Rxc1 38. Nxc1 Kf6 39. Nd3 h5 40.
Ke3 Ke7 41. Ne5 Rb7 42. Nd3 Rb5 43. f4 c5 44. bxc5 Rxa5 45. Rc6 Ra3 46. h3 a5
47. Kd2 Ra2+ 48. Kc3 Rc2+ 49. Kxc2 Nd4+ 50. Kd2 Nxc6 51. Kc3 Kd7 52. g4 hxg4
53. hxg4 Ke6 54. Nf2 Nb4 55. Nh3 f6 56. Ng1 Na6 57. c6 Kd6 58. Nf3 Nc5 59. g5
fxg5 60. fxg5 Kxc6 61. Ne5+ Kb5 62. Nxg6 Ne4+ 63. Kd4 a4 64. Kxd5 Nxg5 65. Kd4
Kb4 66. Ne5 a3 67. Nd3+ Kb3 68. Nc1+ Kb2 69. Kc4 Ne4 70. Nd3+ Kb1 71. Nb4 Nd2+
72. Kc3 Kc1 73. Na2+ Kb1 74. Kxd2 Kxa2 1/2-1/2

[Event "Carnaval"]
[Site "Quebec CAN"]
[Date "2020.02.15"]
[Round "3"]
[White "Chiku-Ratte, Olivier-Kenta"]
[Black "Rodrigue-Lemieux, Shawn"]
[Result "1/2-1/2"]
[WhiteElo "2478"]
[BlackElo "2401"]
[PlyCount "99"]
[EventDate "2020.02.14"]
[EventType "swiss"]
[EventRounds "5"]
[EventCountry "CAN"]

1. d4 Nf6 2. c4 e6 3. Nc3 Bb4 4. e3 O-O 5. Nf3 d5 6. Bd2 b6 7. cxd5 exd5 8. Bd3
Bb7 9. O-O Re8 10. Rc1 a6 11. Ne2 Bd6 12. Ng3 Nbd7 13. Qc2 g6 14. Bc3 Ne4 15.
Bxe4 dxe4 16. Ne5 Bd5 17. Nxe4 Nxe5 18. dxe5 Bxe5 19. Bxe5 Rxe5 20. Ng3 Re7 21.
b3 c5 22. Qc3 Rd7 23. Rcd1 Bc6 24. Qc2 Raa7 25. f3 Rxd1 26. Rxd1 Rd7 27. Rxd7
Qxd7 28. Kf2 Qd6 29. Qc3 h5 30. h3 h4 31. Nf1 Bb5 32. Nd2 Qg3+ 33. Kg1 Qe1+ 34.
Kh2 Bf1 35. Ne4 Qxc3 36. Nxc3 b5 37. Ne4 c4 38. b4 f5 39. Nc3 Kf7 40. g3 g5 41.
f4 Kg6 42. Nd5 Kh5 43. a3 g4 44. hxg4+ Kxg4 45. gxh4 Kxh4 46. Kg1 Bd3 47. Kf2
Be4 48. Nc3 Bc6 49. Ne2 Kg4 50. Nc3 1/2-1/2

[Event "Carnaval"]
[Site "Quebec CAN"]
[Date "2020.02.16"]
[Round "4"]
[White "Chabot, Roland"]
[Black "Chiku-Ratte, Olivier-Kenta"]
[Result "0-1"]
[WhiteElo "2174"]
[BlackElo "2478"]
[PlyCount "90"]
[EventDate "2020.02.14"]
[EventType "swiss"]
[EventRounds "5"]
[EventCountry "CAN"]

1. d4 Nf6 2. Bg5 Ne4 3. h4 c5 4. d5 Qb6 5. Nd2 Nxd2 6. Bxd2 d6 7. e4 e5 8. Ne2
h5 9. Ng3 g6 10. a4 Be7 11. Qc1 Nd7 12. a5 Qd8 13. Bg5 a6 14. Be2 Nf6 15. Qd2
Bd7 16. f3 Bb5 17. b3 Bxe2 18. Qxe2 Nd7 19. Bxe7 Qxe7 20. Nf1 f5 21. exf5 gxf5
22. Ne3 f4 23. Nc4 Rg8 24. O-O-O Nf6 25. Qd3 O-O-O 26. Rd2 Qh7 27. Qc3 Rg3 28.
Re1 Qc7 29. Rxe5 dxe5 30. d6 Qc6 31. Qxe5 Nd7 32. Qxf4 Rgg8 33. Qf5 Rge8 34.
Qxh5 Re1+ 35. Kb2 Kb8 36. Qg5 Rde8 37. f4 Qe4 38. Qg7 Qe6 39. g4 Rg8 40. Qh7
Qf6+ 41. c3 Rd8 42. f5 Rh1 43. Nb6 Rh3 44. Nd5 Qxd6 45. g5 Rh2 0-1

[Event "Carnaval"]
[Site "Quebec CAN"]
[Date "2020.02.16"]
[Round "5"]
[White "Chiku-Ratte, Olivier-Kenta"]
[Black "Duong, Thanh Nha"]
[Result "0-1"]
[WhiteElo "2478"]
[BlackElo "2306"]
[PlyCount "236"]
[EventDate "2020.02.14"]
[EventType "swiss"]
[EventRounds "5"]
[EventCountry "CAN"]

1. d4 Nf6 2. c4 e6 3. Nf3 d5 4. Nc3 Bb4 5. cxd5 exd5 6. Bf4 c6 7. e3 Bf5 8. Qb3
Qb6 9. Nd2 Nbd7 10. Be2 O-O 11. O-O Rfe8 12. Rac1 Rac8 13. Nf3 Bf8 14. Qxb6
axb6 15. Nh4 Be6 16. a4 Ra8 17. Bd1 h6 18. Bg3 Ne4 19. Bc2 Nxg3 20. hxg3 Nf6
21. Nf3 Bb4 22. Nd2 Bd7 23. Ndb1 Bd6 24. Rfd1 g5 25. Nd2 Bb4 26. Na2 Bd6 27.
Nc3 Bb4 28. Nf1 Kg7 29. f3 Rad8 30. g4 Bd6 31. Ne2 h5 32. gxh5 Nxh5 33. g4 Nf6
34. Kg2 Rh8 35. Neg3 Rh4 36. Bf5 Be6 37. Rc2 Rdh8 38. Kg1 Rh3 39. Rg2 Kf8 40.
Kf2 Ng8 41. Rd3 Ne7 42. Rb3 Bc7 43. Rc3 Ng6 44. Bxg6 fxg6 45. e4 dxe4 46. Nxe4
Bf4 47. a5 bxa5 48. Nc5 Bc8 49. Nd3 Ke7 50. Ng3 Rd8 51. Nxf4 gxf4 52. Ne2 g5
53. Rc5 Rd5 54. Rxd5 cxd5 55. Nc3 Kd6 56. Nb5+ Kc6 57. Na7+ Kc7 58. Nb5+ Kb6
59. Nd6 Be6 60. Nf5 Kb5 61. Nd6+ Kc6 62. Ne8 b5 63. Ke2 a4 64. Rf2 Bd7 65. Ng7
b4 66. Kd2 Kb5 67. Nf5 Be6 68. Re2 Bxf5 69. gxf5 Kc4 70. f6 Rh8 71. Re5 Rf8 72.
Re6 Kxd4 73. Ke2 a3 74. bxa3 bxa3 75. Kd2 a2 76. Ra6 Rxf6 77. Ra4+ Ke5 78. Rxa2
Rh6 79. Ra4 Rh2+ 80. Ke1 Rc2 81. Kf1 Rc4 82. Ra8 Kd4 83. Re8 Rc3 84. Kf2 Re3
85. Ra8 Kc4 86. Rc8+ Kd3 87. Rc5 Kd4 88. Rc8 Re5 89. Ra8 Re3 90. Rg8 Ra3 91.
Rg6 Ra2+ 92. Kf1 Rd2 93. Ke1 Rh2 94. Kf1 Rh4 95. Ke2 Kc4 96. Rxg5 d4 97. Ra5
Rh2+ 98. Ke1 d3 99. Ra8 Re2+ 100. Kd1 Kd4 101. Rd8+ Ke3 102. Re8+ Kxf3 103. Rd8
Re3 104. Kd2 Kf2 105. Rh8 Rg3 106. Rh4 f3 107. Kxd3 Kg2 108. Rf4 Rg8 109. Ke3
Re8+ 110. Kd2 f2 111. Rg4+ Kf3 112. Rg7 Rd8+ 113. Kc3 f1=Q 114. Rf7+ Kg2 115.
Rg7+ Kh3 116. Rh7+ Kg4 117. Rg7+ Kh5 118. Rh7+ Kg6 0-1

[Event "Le Blanc et Noir de St-Jean"]
[Site "St-Jean CAN"]
[Date "2020.01.17"]
[Round "1.1"]
[White "Beaudry, Marc-Andre"]
[Black "Chiku-Ratte, Olivier-Kenta"]
[Result "0-1"]
[WhiteElo "2057"]
[BlackElo "2444"]
[PlyCount "44"]
[EventDate "2020.01.17"]
[EventType "swiss"]
[EventRounds "5"]
[EventCountry "CAN"]

1. c4 Nf6 2. Nc3 g6 3. e4 d6 4. d4 Bg7 5. f3 O-O 6. Bg5 c6 7. Qd2 a6 8. O-O-O
b5 9. h4 Nh5 10. g4 Ng3 11. Rh2 Nxf1 12. Rxf1 Nd7 13. c5 dxc5 14. dxc5 Nxc5 15.
Qxd8 Rxd8 16. Bxe7 Nd3+ 17. Kb1 Re8 18. Bg5 Be6 19. Rd1 Ne5 20. Rf2 a5 21. Be3
a4 22. Rc2 b4 0-1

[Event "Le Blanc et Noir de St-Jean"]
[Site "St-Jean CAN"]
[Date "2020.01.18"]
[Round "2.1"]
[White "Chiku-Ratte, Olivier-Kenta"]
[Black "Saha, Ananda"]
[Result "1-0"]
[WhiteElo "2444"]
[BlackElo "2246"]
[PlyCount "197"]
[EventDate "2020.01.17"]
[EventType "swiss"]
[EventRounds "5"]
[EventCountry "CAN"]

1. c4 Nf6 2. Nc3 g6 3. d4 d5 4. cxd5 Nxd5 5. e4 Nxc3 6. bxc3 Bg7 7. Bc4 c5 8.
Be3 Qa5 9. Qd2 Nc6 10. Ne2 O-O 11. Rd1 Rd8 12. O-O b6 13. Qc2 cxd4 14. cxd4 Bb7
15. Qb3 Rf8 16. d5 Ne5 17. Bd2 Qc5 18. Bb5 a6 19. Bd3 Nxd3 20. Be3 Qb5 21. Rxd3
Qxb3 22. axb3 a5 23. Bxb6 Ba6 24. Rd2 Rfb8 25. Bc5 Rxb3 26. Bxe7 Rd3 27. Rfd1
Rb8 28. h4 Rxd2 29. Rxd2 Rb1+ 30. Kh2 Rb2 31. Rxb2 Bxb2 32. Nf4 a4 33. d6 Be5
34. g3 Bb5 35. Nd5 a3 36. d7 Bxd7 37. Bxa3 f6 38. Bb4 Be6 39. Kg2 Kf7 40. Ne3
h5 41. Bc5 g5 42. hxg5 fxg5 43. f3 Kg6 44. Nd1 Bb3 45. Nf2 Bc4 46. Be3 Ba6 47.
f4 gxf4 48. gxf4 Bc7 49. Kf3 Bc8 50. Kg3 Bb7 51. Bd4 Bc8 52. Nd3 Bb7 53. Nc5
Bc8 54. Nd3 Bb7 55. Kf3 Bc8 56. Bf2 Bg4+ 57. Kg2 Bc8 58. Bh4 Bg4 59. Kg3 Bc8
60. Ne1 Bb7 61. Kf3 Bc8 62. Nc2 Bb6 63. Nb4 Bg4+ 64. Kg2 Bd7 65. Nd5 Bd4 66.
f5+ Kh6 67. Kf3 Be5 68. Ne7 Be8 69. Ke3 Kg7 70. Nd5 Bb5 71. Nb4 Bd7 72. Nd3 Bc3
73. Kf4 Bb5 74. Nc5 Be8 75. Ne6+ Kh7 76. Ng5+ Kh6 77. Nf3 Bc6 78. Ke3 Bb2 79.
Ne1 Bc1+ 80. Kf3 Bb2 81. Nc2 Bc3 82. Ke3 Ba4 83. Kd3 Be5 84. Na3 Bc6 85. Ke3
Bd6 86. Nc4 Bc5+ 87. Kf4 Bb5 88. Nd2 Bb4 89. Nf3 Bc6 90. e5 Bc3 91. e6 Bb5 92.
Ne5 Be8 93. f6 Bd2+ 94. Ke4 Bb4 95. f7 Bxf7 96. Nxf7+ Kg7 97. Ke5 Bd2 98. Bf6+
Kf8 99. Nd6 1-0

[Event "Le Blanc et Noir de St-Jean"]
[Site "St-Jean CAN"]
[Date "2020.01.18"]
[Round "3.1"]
[White "Duong, Thanh Nha"]
[Black "Chiku-Ratte, Olivier-Kenta"]
[Result "0-1"]
[WhiteElo "2300"]
[BlackElo "2444"]
[PlyCount "66"]
[EventDate "2020.01.17"]
[EventType "swiss"]
[EventRounds "5"]
[EventCountry "CAN"]

1. e4 c5 2. Nc3 e6 3. Nge2 Nc6 4. g3 Nf6 5. Bg2 Be7 6. O-O O-O 7. d4 cxd4 8.
Nxd4 d6 9. Be3 a6 10. a4 Ne5 11. h3 Qc7 12. Kh2 Rd8 13. Qe2 Bd7 14. f4 Nc4 15.
Bc1 Rac8 16. Nb3 b5 17. axb5 axb5 18. Re1 b4 19. Na2 Qb6 20. Nd2 Nxd2 21. Qxd2
d5 22. exd5 Nxd5 23. Bxd5 Bc6 24. Qe3 Bc5 25. Qe2 Bxd5 26. c3 b3 27. Nb4 Bxb4
28. Ra6 Qb7 29. Be3 Bc4 30. Rb6 Qxb6 31. Bxb6 Bxe2 32. Bxd8 Rxd8 33. Rxe2 Bc5
0-1

[Event "Le Blanc et Noir de St-Jean"]
[Site "St-Jean CAN"]
[Date "2020.01.19"]
[Round "4.1"]
[White "Chiku-Ratte, Olivier-Kenta"]
[Black "Rodrigue-Lemieux, Shawn"]
[Result "1-0"]
[WhiteElo "2444"]
[BlackElo "2400"]
[PlyCount "125"]
[EventDate "2020.01.17"]
[EventType "swiss"]
[EventRounds "5"]
[EventCountry "CAN"]

1. c4 e6 2. Nc3 c5 3. Nf3 Nc6 4. g3 Nf6 5. Bg2 Be7 6. O-O O-O 7. d4 cxd4 8.
Nxd4 d5 9. cxd5 Nxd5 10. Nxd5 exd5 11. Nxc6 bxc6 12. Qc2 Bb7 13. Rd1 Bf6 14.
Be3 Re8 15. Bd4 Bxd4 16. Rxd4 Qb6 17. e3 Rab8 18. Rd3 Ba8 19. Rb3 Qa5 20. Qc3
Qxc3 21. bxc3 Rb7 22. Rab1 Reb8 23. e4 dxe4 24. Rxb7 Rxb7 25. Rd1 Rb8 26. Bxe4
c5 27. Bxa8 Rxa8 28. Rd7 g6 29. Kg2 Kg7 30. Kf3 Kf6 31. Rc7 Ke6 32. Rxc5 Kd6
33. Ra5 Rc8 34. Ra3 Rc7 35. Ke4 f5+ 36. Kd4 Kc6 37. h4 f4 38. gxf4 Rf7 39. Ke4
Re7+ 40. Kf3 Kb5 41. Rb3+ Kc4 42. Ra3 Kb5 43. h5 a5 44. Rb3+ Kc5 45. a4 Rc7 46.
hxg6 hxg6 47. Rb5+ Kd6 48. Rxa5 Rxc3+ 49. Kg4 Rc4 50. Kg5 Ke6 51. Ra6+ Kf7 52.
f5 gxf5 53. Kxf5 Rc5+ 54. Kg4 Rc4+ 55. f4 Rc5 56. a5 Rb5 57. Ra8 Rb1 58. a6 Ra1
59. a7 Kg7 60. f5 Rg1+ 61. Kh3 Rh1+ 62. Kg2 Ra1 63. f6+ 1-0

[Event "Le Blanc et Noir de St-Jean"]
[Site "St-Jean CAN"]
[Date "2020.01.19"]
[Round "5.1"]
[White "Ouellet, Maili-Jade"]
[Black "Chiku-Ratte, Olivier-Kenta"]
[Result "0-1"]
[WhiteElo "2360"]
[BlackElo "2444"]
[PlyCount "44"]
[EventDate "2020.01.17"]
[EventType "swiss"]
[EventRounds "5"]
[EventCountry "CAN"]

1. a3 Nf6 2. d4 g6 3. Nf3 Bg7 4. e3 O-O 5. Be2 b6 6. O-O Bb7 7. c4 c5 8. b3
cxd4 9. exd4 d5 10. Bb2 Nc6 11. Nbd2 Rc8 12. Rc1 e6 13. Rc2 Ne4 14. Qa1 Nxd2
15. Nxd2 dxc4 16. Rxc4 b5 17. Rcc1 Nxd4 18. Rxc8 Nxe2+ 19. Kh1 Qg5 20. Rxf8+
Bxf8 21. f3 Qxd2 22. Rd1 Qf4 0-1

[Event "Pere Noel"]
[Site "Montreal CAN"]
[Date "2019.12.26"]
[Round "1.1"]
[White "Chiku-Ratte, Olivier-Kenta"]
[Black "Templonuevo, Mark Geryl"]
[Result "1-0"]
[WhiteElo "2445"]
[BlackElo "1989"]
[PlyCount "93"]
[EventDate "2019.12.26"]
[EventType "swiss"]
[EventRounds "5"]
[EventCountry "CAN"]

1. d4 d5 2. c4 e6 3. Nc3 Nf6 4. Bg5 Bb4 5. cxd5 exd5 6. Nf3 Qd6 7. Nd2 Bf5 8.
e3 Nbd7 9. Be2 Bxc3 10. bxc3 O-O 11. O-O c5 12. Bf4 Qb6 13. a4 c4 14. a5 Qb2
15. Qc1 Qxc1 16. Rfxc1 Rfe8 17. Bd1 b5 18. axb6 axb6 19. Ba4 Rec8 20. Bb5 Ra5
21. Rxa5 bxa5 22. Ra1 Ra8 23. Bc7 a4 24. Rxa4 Rxa4 25. Bxa4 Nf8 26. f3 Bd3 27.
Bc6 N8d7 28. e4 dxe4 29. fxe4 Nf8 30. h3 Ne6 31. Be5 Kf8 32. Bxf6 gxf6 33. g3
Nc7 34. Kf2 Ke7 35. Ke3 Kd6 36. Ba4 Ke6 37. Kf4 Ke7 38. g4 h6 39. h4 Ke6 40.
Nf3 Ke7 41. Ne1 Be2 42. Ng2 Ne6+ 43. Kg3 Bd3 44. Kf3 Nc7 45. Ne3 Kd6 46. Nf5+
Ke6 47. Kf4 1-0

[Event "Pere Noel"]
[Site "Montreal CAN"]
[Date "2019.12.27"]
[Round "2.1"]
[White "Allard, Laurent"]
[Black "Chiku-Ratte, Olivier-Kenta"]
[Result "0-1"]
[WhiteElo "2445"]
[BlackElo "2146"]
[PlyCount "92"]
[EventDate "2019.12.26"]
[EventType "swiss"]
[EventRounds "5"]
[EventCountry "CAN"]

1. e4 c5 2. Nf3 Nc6 3. d4 cxd4 4. Nxd4 e6 5. Nc3 Qc7 6. Be3 a6 7. Qd2 Nf6 8. f3
Be7 9. O-O-O O-O 10. Kb1 b5 11. g4 Ne5 12. g5 Nh5 13. Qf2 Bb7 14. Bg2 Nc4 15.
Bc1 Bd6 16. Nce2 Nf4 17. Nxf4 Bxf4 18. Bxf4 Qxf4 19. Qg3 Qxg3 20. hxg3 Ne3 21.
Rd2 f6 22. gxf6 Rxf6 23. Bh3 Nc4 24. Re2 Raf8 25. b3 Nb6 26. Rd1 Rh6 27. Bg4
Kf7 28. c3 Ke7 29. Nc2 Rhf6 30. Red2 Kd8 31. Ne3 Rxf3 32. Bxf3 Rxf3 33. Nf1
Bxe4+ 34. Kb2 Ke7 35. Rd4 d5 36. Nd2 Rf2 37. Kc1 Bg6 38. Rf1 Rg2 39. Rg4 Nd7
40. Re1 Nc5 41. Re3 Kd6 42. Rg5 a5 43. a3 a4 44. bxa4 bxa4 45. Rg4 e5 46. Kd1
Bh5 0-1

[Event "Pere Noel"]
[Site "Montreal CAN"]
[Date "2019.12.28"]
[Round "3.1"]
[White "Chiku-Ratte, Olivier-Kenta"]
[Black "Saha, Ananda"]
[Result "1-0"]
[WhiteElo "2445"]
[BlackElo "2270"]
[PlyCount "75"]
[EventDate "2019.12.26"]
[EventType "swiss"]
[EventRounds "5"]
[EventCountry "CAN"]

1. d4 Nf6 2. c4 e6 3. Nf3 Bb4+ 4. Bd2 a5 5. g3 d6 6. Bg2 Nc6 7. O-O e5 8. Bg5
exd4 9. Nxd4 Ne5 10. Qc2 h6 11. Bxf6 Qxf6 12. Nc3 Bxc3 13. Qxc3 O-O 14. f4 Ng6
15. Nb5 Qxc3 16. bxc3 Bd7 17. Nxc7 Rac8 18. Nd5 Rxc4 19. Nb6 Rc7 20. Nxd7 Rxd7
21. Rab1 Rc7 22. Rxb7 Rxc3 23. Rd1 Re8 24. Bf3 Rc2 25. a4 Rd8 26. Ra7 Rc5 27.
Rb1 Nf8 28. Rbb7 Rf5 29. Be4 Rf6 30. Bd5 Kh7 31. Bxf7 d5 32. Rxa5 d4 33. Bc4
Rfd6 34. Raa7 R8d7 35. Rxd7 Nxd7 36. Rc7 Kg6 37. a5 Nb8 38. Rb7 1-0

[Event "Pere Noel"]
[Site "Montreal CAN"]
[Date "2019.12.29"]
[Round "4.1"]
[White "Leveille, Francois"]
[Black "Chiku-Ratte, Olivier-Kenta"]
[Result "1/2-1/2"]
[WhiteElo "2300"]
[BlackElo "2446"]
[PlyCount "150"]
[EventDate "2019.12.26"]
[EventType "swiss"]
[EventRounds "5"]
[EventCountry "CAN"]

1. Nf3 c5 2. c4 Nf6 3. Nc3 g6 4. e4 Bg7 5. d4 cxd4 6. Nxd4 O-O 7. Be2 d6 8. O-O
a6 9. Be3 b6 10. f3 Bb7 11. Qb3 Nbd7 12. Rfd1 Rc8 13. Rac1 Re8 14. a4 Nc5 15.
Qa3 Nh5 16. b4 Nd7 17. Bf1 e6 18. b5 Be5 19. Nde2 Qf6 20. a5 bxa5 21. Qxa5 axb5
22. Nxb5 d5 23. Qa7 Bc6 24. Qa6 dxe4 25. f4 Nxf4 26. Na7 Nb8 27. Qb6 Nd3 28.
Nxc8 Nxc1 29. Nd6 Nxe2+ 30. Bxe2 Rd8 31. c5 Rf8 32. g3 Bd5 33. Qc7 Qd8 34. Qxd8
Rxd8 35. Nxe4 Kg7 36. Nf2 Nd7 37. Ng4 Bb8 38. Bh6+ Kh8 39. Kf1 Rc8 40. Ne3 Bc6
41. Nc4 Bd5 42. Nb6 Nxb6 43. cxb6 Be5 44. Ba6 Ra8 45. Rc1 Bg7 46. Rc8+ Rxc8 47.
Bxg7+ Kxg7 48. Bxc8 f5 49. Bxe6 Bb7 50. Ke2 Kf6 51. Bg8 h6 52. Kd3 Ke5 53. Kc4
g5 54. Kc5 f4 55. gxf4+ gxf4 56. Bc4 f3 57. Bd3 f2 58. Bf1 h5 59. h4 Kf5 60.
Kd4 Kf4 61. Be2 Bg2 62. Bb5 Bf3 63. Bf1 Bc6 64. Be2 Bg2 65. Bb5 Bb7 66. Bf1 Kf3
67. Bb5 Ba8 68. Bf1 Bc6 69. Bc4 Kg2 70. Ke3 Bb7 71. Kf4 Kh2 72. Bb5 Kg2 73. Kg5
Bf3 74. Bc4 f1=Q 75. Bxf1+ Kxf1 1/2-1/2

[Event "Pere Noel"]
[Site "Montreal CAN"]
[Date "2019.12.30"]
[Round "5.1"]
[White "Chiku-Ratte, Olivier-Kenta"]
[Black "Ouellet, Maili-Jade"]
[Result "0-1"]
[WhiteElo "2445"]
[BlackElo "2346"]
[PlyCount "78"]
[EventDate "2019.12.26"]
[EventType "swiss"]
[EventRounds "5"]
[EventCountry "CAN"]

1. d4 d5 2. Nf3 Nf6 3. c4 dxc4 4. Nc3 a6 5. e4 b5 6. e5 Nd5 7. Ng5 e6 8. a4 Bb7
9. Qh5 Qd7 10. axb5 axb5 11. Rxa8 Bxa8 12. Nxh7 Nb4 13. Be2 Bxg2 14. Nf6+ gxf6
15. Qxh8 Qxd4 16. Bd2 Bxh1 17. Nxb5 Nd3+ 18. Bxd3 Qxe5+ 19. Be2 Qxb5 20. Qxf6
Nd7 21. Qd4 Qe5 22. Qxc4 Qxh2 23. Bf4 Qg1+ 24. Kd2 Bd6 25. Be3 Qb1 26. Qb5 Be5
27. b3 Be4 28. f3 Bd5 29. f4 Qb2+ 30. Ke1 Bc3+ 31. Kf2 Qb1 32. Bc5 Be1+ 33. Kg1
Bb4+ 34. Bf1 Bxc5+ 35. Kh2 Qh7+ 36. Kg3 Qg6+ 37. Kh3 Qh5+ 38. Kg3 Qf3+ 39. Kh2
Bg1+ 0-1

[Event "Ligue Elite du Dimanche - Final"]
[Site "Montreal CAN"]
[Date "2019.12.08"]
[Round "1.1"]
[White "Chiku-Ratte, Olivier-Kenta"]
[Black "Rodrigue-Lemieux, Shawn"]
[Result "1/2-1/2"]
[WhiteElo "2445"]
[BlackElo "2387"]
[PlyCount "123"]
[EventDate "2019.12.08"]
[EventType "team"]
[EventRounds "1"]
[EventCountry "CAN"]
[WhiteTeam "Allez les Bleus"]
[BlackTeam "Be4"]

1. d4 Nf6 2. c4 e6 3. Nf3 d5 4. Nc3 Bb4 5. cxd5 exd5 6. Bg5 h6 7. Bh4 g5 8. Bg3
Ne4 9. Nd2 Nxc3 10. bxc3 Bxc3 11. Rc1 Bb2 12. Rxc7 Na6 13. Rc2 Bxd4 14. e3 Bg7
15. Bxa6 bxa6 16. O-O O-O 17. Nb3 Be6 18. Rc6 Qd7 19. Rxa6 Qb5 20. Rd6 Qa4 21.
Nc5 Qxa2 22. Nxe6 fxe6 23. Qh5 Rf7 24. Rxe6 d4 25. Qg6 dxe3 26. Rxe3 Rc8 27.
Rfe1 Rf6 28. Qd3 Rcf8 29. R3e2 Qa5 30. h4 Qf5 31. Qc4+ Kh7 32. Re5 Qg6 33. hxg5
hxg5 34. Qc5 Rf5 35. Rxf5 Qxf5 36. Qxa7 Rf7 37. Qa4 Rf6 38. Qc4 Rb6 39. Qc7 Rb1
40. Rxb1 Qxb1+ 41. Kh2 Qf5 42. f3 g4 43. f4 Qh5+ 44. Kg1 Qf5 45. Qd6 Bf8 46.
Qc7+ Bg7 47. Bf2 Kg6 48. Qd6+ Qf6 49. Qd3+ Qf5 50. Qe3 Kh7 51. Kh2 Qh5+ 52. Kg1
Qf5 53. Qd2 Kg6 54. Be3 Bf6 55. Kf2 Bh4+ 56. g3 Bf6 57. Bd4 Qe4 58. Bxf6 Qf3+
59. Kg1 Qxg3+ 60. Kf1 Qf3+ 61. Kg1 Qg3+ 62. Kf1 1/2-1/2

[Event "Brome-Missisquoi op"]
[Site "Granby CAN"]
[Date "2019.11.22"]
[Round "1.1"]
[White "Chiku-Ratte, Olivier-Kenta"]
[Black "Mok, Yuen Tak"]
[Result "1-0"]
[WhiteElo "2489"]
[BlackElo "2077"]
[PlyCount "91"]
[EventDate "2019.11.22"]
[EventType "swiss"]
[EventRounds "5"]
[EventCountry "CAN"]

1. d4 d5 2. c4 c6 3. Nf3 e6 4. e3 f5 5. Bd3 Nf6 6. Nc3 Bd6 7. Qc2 Nbd7 8. h3
Qe7 9. O-O O-O 10. cxd5 Nxd5 11. a3 g5 12. e4 g4 13. Nh2 Nxc3 14. bxc3 gxh3 15.
e5 Qg7 16. f4 Qxg2+ 17. Qxg2+ hxg2 18. Rf2 Be7 19. Rxg2+ Kf7 20. a4 Rg8 21. Ba3
Rxg2+ 22. Kxg2 Nf8 23. Bxe7 Kxe7 24. Kf2 Bd7 25. Nf3 Ng6 26. Ke3 Rh8 27. a5 a6
28. Rb1 Bc8 29. Nd2 Kd8 30. Nc4 Re8 31. Nd6 Re7 32. c4 Nf8 33. Rg1 Ng6 34. d5
exd5 35. Nxc8 Kxc8 36. Bxf5+ Kc7 37. Bxg6 hxg6 38. cxd5 cxd5 39. Rxg6 Rh7 40.
Kd4 Rh1 41. Kxd5 Rd1+ 42. Ke6 b5 43. axb6+ Kb7 44. f5 a5 45. f6 a4 46. f7 1-0

[Event "Brome-Missisquoi op"]
[Site "Granby CAN"]
[Date "2019.11.23"]
[Round "2.1"]
[White "Duong, Thanh Nha"]
[Black "Chiku-Ratte, Olivier-Kenta"]
[Result "1-0"]
[WhiteElo "2272"]
[BlackElo "2489"]
[PlyCount "75"]
[EventDate "2019.11.22"]
[EventType "swiss"]
[EventRounds "5"]
[EventCountry "CAN"]

1. e4 c5 2. Nc3 Nc6 3. Nf3 g6 4. Bb5 Nd4 5. Nxd4 cxd4 6. Ne2 Qb6 7. Bc4 Nf6 8.
d3 d5 9. exd5 Bg7 10. O-O O-O 11. Re1 Qc5 12. c3 b5 13. cxd4 Qb6 14. Bb3 Bb7
15. Nc3 b4 16. Na4 Qd6 17. Nc5 Bxd5 18. Be3 a5 19. Rc1 Rac8 20. Bc4 Ba8 21. Qe2
Nd5 22. Rc2 e6 23. Rec1 Kh8 24. Ne4 Qb8 25. Bb3 Nb6 26. Rxc8 Rxc8 27. Rxc8+
Qxc8 28. Qc2 Qd8 29. Qc5 Nd5 30. Nd6 Kg8 31. Qa7 Ne7 32. Bg5 Bf8 33. Ne4 h6 34.
Bf6 Qc8 35. Qc5 Nc6 36. Qc1 Qa6 37. Nc5 Bxc5 38. Qxh6 1-0

[Event "Brome-Missisquoi op"]
[Site "Granby CAN"]
[Date "2019.11.23"]
[Round "3.3"]
[White "Chiku-Ratte, Olivier-Kenta"]
[Black "Trahan, Daniel"]
[Result "1-0"]
[WhiteElo "2489"]
[BlackElo "2109"]
[PlyCount "51"]
[EventDate "2019.11.22"]
[EventType "swiss"]
[EventRounds "5"]
[EventCountry "CAN"]

1. d4 Nf6 2. c4 e6 3. Nf3 b6 4. g3 Bb7 5. Bg2 g6 6. O-O Bg7 7. Qc2 O-O 8. Nc3
d5 9. cxd5 Nxd5 10. Nxd5 Bxd5 11. Bg5 Qc8 12. Rac1 Na6 13. a3 c5 14. e4 Bb7 15.
Qe2 Qe8 16. e5 Rc8 17. Nd2 Bxg2 18. Kxg2 Nb8 19. Ne4 Qc6 20. dxc5 Bxe5 21. cxb6
Qxb6 22. Be7 Rfe8 23. Bf6 Bd6 24. Rcd1 Bf8 25. Bd4 Qb7 26. Qf3 1-0

[Event "Brome-Missisquoi op"]
[Site "Granby CAN"]
[Date "2019.11.24"]
[Round "4.2"]
[White "Chabot, Roland"]
[Black "Chiku-Ratte, Olivier-Kenta"]
[Result "0-1"]
[WhiteElo "2184"]
[BlackElo "2489"]
[PlyCount "85"]
[EventDate "2019.11.22"]
[EventType "swiss"]
[EventRounds "5"]
[EventCountry "CAN"]

1. d4 Nf6 2. Nf3 g6 3. g3 b6 4. Bg2 Bb7 5. c4 Bg7 6. O-O O-O 7. Nc3 Ne4 8. Nxe4
Bxe4 9. Be3 d6 10. Qd2 Re8 11. Rad1 Nd7 12. Ne1 Bxg2 13. Nxg2 c5 14. f3 Qc7 15.
b3 Qb7 16. Bf2 Nb8 17. d5 b5 18. cxb5 Qxb5 19. Rb1 Nd7 20. Ne3 Nb6 21. a4 Qa6
22. Rfc1 Rab8 23. a5 Nd7 24. Nc4 Rb5 25. Qc2 Qb7 26. Rd1 Rb8 27. Rd3 Ne5 28.
Nxe5 Bxe5 29. Be1 Qa6 30. Rdd1 Qc8 31. Qc4 Qh3 32. e3 h5 33. f4 Bf6 34. e4 Bd4+
35. Rxd4 cxd4 36. b4 Rxa5 37. Qc7 Rab5 38. Qxe7 Qc8 39. Qxd6 Qc2 40. Ra1 Qxe4
41. Bf2 Qxd5 42. Qf6 Rxb4 43. Rf1 0-1

[Event "Ligue Elite du Dimanche - 1/2 Final"]
[Site "Montreal CAN"]
[Date "2019.11.17"]
[Round "1.1"]
[White "Chiku-Ratte, Olivier-Kenta"]
[Black "Tanaka, Tyler"]
[Result "1-0"]
[WhiteElo "2445"]
[BlackElo "2317"]
[PlyCount "71"]
[EventDate "2019.11.17"]
[EventType "team"]
[EventRounds "1"]
[EventCountry "CAN"]
[WhiteTeam "Allez les Bleus"]
[BlackTeam "Les Roches Canadiennes"]

1. d4 Nf6 2. c4 g6 3. Nc3 Bg7 4. e4 d6 5. h3 O-O 6. Nf3 e5 7. d5 a5 8. Bd3 Na6
9. Be3 Nd7 10. a3 Ndc5 11. Bc2 Bd7 12. Rb1 a4 13. O-O Qe8 14. Nd2 f5 15. exf5
gxf5 16. f4 e4 17. Re1 b5 18. cxb5 Bxb5 19. Nxb5 Qxb5 20. g4 Nd3 21. Bxa4 Qa5
22. Re2 Nb8 23. Bc2 fxg4 24. Rg2 gxh3 25. Rxg7+ Kxg7 26. Qg4+ Kh8 27. Bxd3 c5
28. Nxe4 Qc7 29. Bd2 Nc6 30. dxc6 d5 31. Qd7 Qb6 32. Kh1 Rad8 33. Qxh3 Qxc6 34.
Nf6 Qb7 35. Nxh7 d4+ 36. Kh2 1-0

[Event "Contrecoeur op"]
[Site "Contrecoeur CAN"]
[Date "2019.11.01"]
[Round "1.4"]
[White "Hernandez, Juan Felipe"]
[Black "Chiku-Ratte, Olivier-Kenta"]
[Result "0-1"]
[WhiteElo "1629"]
[BlackElo "2382"]
[PlyCount "112"]
[EventDate "2019.11.02"]
[EventType "swiss"]
[EventRounds "5"]
[EventCountry "CAN"]

1. e4 c5 2. Nf3 Nc6 3. c3 Nf6 4. e5 Nd5 5. Bc4 Nb6 6. Bb3 d6 7. d4 cxd4 8. cxd4
dxe5 9. dxe5 Qxd1+ 10. Bxd1 Nc4 11. Nc3 Bg4 12. O-O e6 13. Be2 N4xe5 14. Nxe5
Bxe2 15. Nxe2 Nxe5 16. Bf4 Nd3 17. Be3 b6 18. b3 O-O-O 19. Nd4 Kb7 20. Rfd1 Nc5
21. b4 Ne4 22. b5 Nc3 23. Rdc1 Rxd4 24. Rxc3 Rd5 25. Rac1 Bd6 26. a4 Rd8 27.
Kf1 h6 28. Ke2 f5 29. R1c2 g5 30. Bc1 Rd7 31. g3 Bc5 32. Be3 Re5 33. Kf3 g4+
34. Kg2 Bxe3 35. Rxe3 Rxe3 36. fxe3 Rd5 37. Kf2 a6 38. bxa6+ Kxa6 39. Ke2 Re5
40. Rc4 Ka5 41. Kd3 h5 42. Rc6 Re4 43. Rd6 Ka6 44. Rc6 Kb7 45. Rd6 Kc7 46. Rd4
Rxd4+ 47. Kxd4 Kd6 48. Kc4 e5 49. Kb5 f4 50. exf4 exf4 51. gxf4 h4 52. Kxb6 g3
53. hxg3 hxg3 54. a5 g2 55. a6 g1=Q+ 56. Kb7 Qb1+ 0-1